<?xml version="1.0" encoding="UTF-8"?>
<record
    xmlns:xsi="http://www.w3.org/2001/XMLSchema-instance"
    xsi:schemaLocation="http://www.loc.gov/MARC21/slim http://www.loc.gov/standards/marcxml/schema/MARC21slim.xsd"
    xmlns="http://www.loc.gov/MARC21/slim">

  <leader>00890nam a2200241Ia 4500</leader>
  <controlfield tag="003">IN-BaIIA</controlfield>
  <controlfield tag="008">211028s9999    xx            000 0 eng d</controlfield>
  <datafield tag="020" ind1=" " ind2=" ">
    <subfield code="a">981-02-1709-9</subfield>
  </datafield>
  <datafield tag="040" ind1=" " ind2=" ">
    <subfield code="c">IIA Library</subfield>
  </datafield>
  <datafield tag="080" ind1=" " ind2=" ">
    <subfield code="a">539.12(082.1)</subfield>
    <subfield code="b">PAR</subfield>
  </datafield>
  <datafield tag="111" ind1=" " ind2=" ">
    <subfield code="a">1993 Workshop on pticles and Fields</subfield>
    <subfield code="c">Merida,Yucatan</subfield>
    <subfield code="d">1993 Oct. 25-29</subfield>
    <subfield code="9">19372</subfield>
  </datafield>
  <datafield tag="245" ind1=" " ind2="0">
    <subfield code="a">pticles and fields</subfield>
    <subfield code="b">proceedings of the 1993 Workshop on pt.icles and fields, held in Merida,Yucatan, Mexico, 25-29 Oct 1993</subfield>
    <subfield code="c">edited by R Huerta&#xA0;,&#xA0;Miguel Angel Perez&#xA0;and&#xA0;Luis F Urrutia&#xA0;</subfield>
  </datafield>
  <datafield tag="260" ind1=" " ind2=" ">
    <subfield code="a">Singapore</subfield>
    <subfield code="b">World Scientific</subfield>
    <subfield code="c">1994</subfield>
  </datafield>
  <datafield tag="300" ind1=" " ind2=" ">
    <subfield code="a">[various pagings.]</subfield>
  </datafield>
  <datafield tag="650" ind1=" " ind2=" ">
    <subfield code="a">Astronomy and Astrophysics thesaurus</subfield>
  </datafield>
  <datafield tag="650" ind1=" " ind2=" ">
    <subfield code="a">Fields</subfield>
    <subfield code="9">19373</subfield>
  </datafield>
  <datafield tag="650" ind1=" " ind2=" ">
    <subfield code="a">Physics</subfield>
    <subfield code="9">73</subfield>
  </datafield>
  <datafield tag="650" ind1=" " ind2=" ">
    <subfield code="a">pticle Physics</subfield>
    <subfield code="9">2818</subfield>
  </datafield>
  <datafield tag="700" ind1=" " ind2=" ">
    <subfield code="a">Huerta, R., ed.</subfield>
    <subfield code="9">19374</subfield>
  </datafield>
  <datafield tag="700" ind1=" " ind2=" ">
    <subfield code="a">Perez, M. A.</subfield>
    <subfield code="9">19375</subfield>
  </datafield>
  <datafield tag="700" ind1=" " ind2=" ">
    <subfield code="a">Urrutia, L. F., ed.</subfield>
    <subfield code="9">19376</subfield>
  </datafield>
  <datafield tag="942" ind1=" " ind2=" ">
    <subfield code="c">BK</subfield>
  </datafield>
  <datafield tag="999" ind1=" " ind2=" ">
    <subfield code="c">11299</subfield>
    <subfield code="d">11299</subfield>
  </datafield>
  <datafield tag="952" ind1=" " ind2=" ">
    <subfield code="0">0</subfield>
    <subfield code="1">0</subfield>
    <subfield code="4">0</subfield>
    <subfield code="7">0</subfield>
    <subfield code="a">BAN</subfield>
    <subfield code="b">BAN</subfield>
    <subfield code="c">GEN</subfield>
    <subfield code="d">1995-03-20</subfield>
    <subfield code="l">0</subfield>
    <subfield code="o">539.12(082.1)/ PAR</subfield>
    <subfield code="p">12214</subfield>
    <subfield code="r">2021-11-05</subfield>
    <subfield code="w">1995-03-20</subfield>
    <subfield code="y">BK</subfield>
  </datafield>
</record>
